000 00596nam a2200217 i 4500
001 C2-0228617
003 PPAK
005 20180728155641.0
008 000823s1965 enk |||| ||||| | eng d
040 _aPPAK
_beng
_cPPAK
_erda
082 0 4 _a025.431
_223
090 0 0 _a025.431
_bBAT
_dKSI
100 1 _aBatty, C.D.,
_eauthor
245 1 3 _aAn introduction to the dewey decimal classification
264 1 _aLondon :
_bClive Bingley ,
_c1965
300 _a94 pages ;
_c22 cm
336 _2rdacontent
_atext
337 _2rdamedia
_aunmediated
338 _2rdacarrier
_avolume
942 _ddc
_cB
999 _c148427
_d148427